Desarrollo de programa de cómputo para la elaboración del predespacho diario de generación para las plantas hidroeléctricas del ICE
Spremljeno u:
| Glavni autor: | |
|---|---|
| Daljnji autori: | , |
| Format: | Knjiga |
| Izdano: |
San José, Costa Rica
2002
|
| Teme: | |
| Oznake: |
Dodaj oznaku
Bez oznaka, Budi prvi tko označuje ovaj zapis!
|
MARC
| LEADER | 00000nam a2200000Ia 4500 | ||
|---|---|---|---|
| 003 | 009097 | ||
| 005 | 20231117135752.0 | ||
| 008 | 140114s2002 cr a m 000 ||s d | ||
| 040 | |c cru CEDI | ||
| 090 | |a TFG 4647 | ||
| 100 | |a Salazar Viales, Randall |9 7128 | ||
| 245 | |a Desarrollo de programa de cómputo para la elaboración del predespacho diario de generación para las plantas hidroeléctricas del ICE | ||
| 260 | |a San José, Costa Rica |c 2002 | ||
| 300 | |a xix, 213 hojas : ilustraciones, mapas | ||
| 500 | |a Investigación dirigida (licenciatura en ingeniería eléctrica)--Universidad de Costa Rica. Facultad de Ingeniería. Escuela de Ingeniería Eléctrica | ||
| 501 | |a Director de Investigación dirigida: Ing. Jorge Sancho Chaves | ||
| 650 | |x INSTITUTO COSTARRICENSE DE ELECTRICIDAD |x CENTRALES HIDROELECTRICAS |x PROGRAMAS PARA COMPUTADORA |x TECNICAS |x EMBALSES |x COSTA RICA |x DISTRIBUCION DE ENERGIA ELECTRICA |x ENERGIA ELECTRICA |x PRODUCCION |x DENSIDAD ELECTRICA |x TABLAS, CALCULO, ETC. |9 7130 | ||
| 700 | |9 7129 |a Vega Argüello, Mauricio | ||
| 700 | |a Sancho Chaves, Jorge |d Director del TFG |9 1781 | ||
| 942 | |c TFG |h TFG 4647 |i 009097 |6 TFG_4647_009097000000000 | ||
| 999 | |c 17830 |d 17830 | ||
